|
|
|
|
| LEADER |
00000Cam#a22000005a#4500 |
| 003 |
AR-RoUNA |
| 005 |
20250828114547.0 |
| 008 |
140529||||||||||||||||| |||| 0|||| d |
| 040 |
|
|
|a AR-RoUNA
|b spa
|
| 041 |
|
|
|a spa
|
| 080 |
|
|
|a 72.036
|
| 092 |
|
|
|l D125
|
| 110 |
2 |
|
|a Buenos Aires.
|b Consejo Profesional de Arquitectura y Urbanismo.
|9 10286
|
| 245 |
|
|
|a Bienal '87 de Arquitectura en Buenos Aires /
|c directores Tomás Dagnino y Jorge Glusberg
|
| 260 |
|
|
|a Buenos Aires :
|b Cpau,
|c 1987.
|
| 300 |
|
|
|a 60 p. :
|c 30x21 cm
|
| 500 |
0 |
|
|a Este Catálogo ha sido realizado gracias a la colaboración del Consejo Profesional de Arquitectura y Urbanismo.
|
| 600 |
1 |
0 |
|a Eyck, Aldo van,
|d 1918-1999.
|9 5575
|
| 653 |
|
|
|a Biografias
|
| 653 |
|
|
|a Forero, Laureano
|
| 653 |
|
|
|a Estudio Staff
|
| 653 |
|
|
|a Galia, Jose Miguel
|
| 653 |
|
|
|a Grumbach, Antoine
|
| 653 |
|
|
|a England, Richard
|
| 653 |
|
|
|a Larsen, Henning
|
| 653 |
|
|
|a Kurokawa, Kisho
|
| 653 |
|
|
|a Manteola-sanchez Gomez- Santos-solsona
|
| 653 |
|
|
|a Hertzberger, Herman
|
| 653 |
|
|
|a Kaiji, Liu
|
| 653 |
|
|
|a Kikutake, Kiyonori
|
| 653 |
|
|
|a Meier, Richard
|
| 653 |
|
|
|a Baracco, Juvenal
|
| 653 |
|
|
|a Ambasz, Emilio
|
| 653 |
|
|
|a Baudizzone-erbin-lestard-varas
|
| 653 |
|
|
|a Bisson, Richard Pierre
|
| 653 |
|
|
|a Estudios de Arquitectura
|
| 653 |
|
|
|a Alvarez, Mario Roberto
|
| 653 |
|
|
|a De La Hoz, Rafael
|
| 653 |
|
|
|a Dahinden, Justun
|
| 653 |
|
|
|a Bofinger, Helge
|
| 653 |
|
|
|a Bohigas, Oriol
|
| 653 |
|
|
|a Casal Rocco, Juan Jose
|
| 653 |
|
|
|a Nouvel, Jean
|
| 653 |
|
|
|a Soyeren, Vefik
|
| 653 |
|
|
|a Estudio Sepra
|
| 653 |
|
|
|a Testa, Clorindo
|
| 653 |
|
|
|a Roca, Miguel Angel
|
| 653 |
|
|
|a Pelli, Cesar
|
| 653 |
|
|
|a Verdugo, Claude
|
| 653 |
|
|
|a Zeidler, Eberhard
|
| 700 |
|
|
|9 24137
|a Dagnino, Tomas
|e drt
|
| 700 |
|
|
|9 2778
|a Glusberg, Jorge
|e drt
|
| 908 |
|
|
|a Imp
|
| 930 |
|
|
|e 7144
|
| 942 |
|
|
|2 udc
|c LIB
|
| 945 |
|
|
|a MTC
|d 2025-06-25
|
| 999 |
|
|
|c 3831
|d 3831
|
| 980 |
|
|
|8 3
|g Germán Grimolizzi
|